| 000 | 00531nam a22001937a 4500 | ||
|---|---|---|---|
| 003 | OSt | ||
| 005 | 20230222035155.0 | ||
| 008 | 160303b xxu||||| |||| 00| 0 eng d | ||
| 020 | _a0071373217 | ||
| 040 |
_cMMU _aMMU _beng _dMMU |
||
| 050 | _aTL711.C85T73 2001 | ||
| 100 | _aCraig, A.Paul. | ||
| 245 |
_aControlling pilot error : _bsituational awareness/ _cPaul A.Craig. |
||
| 260 |
_aUSA : _bMcGraw Hill, _c2001. |
||
| 300 | _axviii, 228 p. : | ||
| 500 | _aincludes index | ||
| 650 | _aNo time to lose | ||
| 942 |
_2lcc _cLOAN LOAN |
||
| 999 |
_c16611 _d16611 |
||